Loading...

BASIC HUMAN GENETICS

Bibliographic Details
Main Author: MANGE,ELAINE JOHANSON & ARTHUR,MANGE P
Format: Printed Book
Published: SUNDERLAND SINAUER ASSOCIATES,INC 1999
Edition:2
Subjects:
LEADER 00561nam a2200193 4500
020 |a 878934979 
037
082 |a 599.935 MAN 
100 |a MANGE,ELAINE JOHANSON & ARTHUR,MANGE P 
245 |a BASIC HUMAN GENETICS  |h English 
250 |a 2 
260 |a SUNDERLAND  |b SINAUER ASSOCIATES,INC  |c 1999 
300 |a 530  |f PB 
500
590
650 |a BASIC HUMAN GENETICS-- CELL CYCLE-- CHROMOSOMES 
942 |c BK 
999 |c 131191  |d 131191 
952 |0 0  |1 0  |4 0  |6 599_935000000000000_MAN  |7 0  |9 144653  |a BTY  |b BTY  |l 0  |o 599.935 MAN  |p BTY565  |r 2019-10-24  |w 2019-10-24  |y BK